Personnel and Human Resource Management: Text and Cases (Record no. 155252)

MARC details
000 -LEADER
fixed length control field 00415nam a2200157Ia 4500
008 - FIXED-LENGTH DATA ELEMENTS--GENERAL INFORMATION
fixed length control field 230917s9999||||xx |||||||||||||| ||und||
040 ## - CATALOGING SOURCE
-- 158050
Original cataloging agency VIVEKANANDA LIBRARY
041 ## - Language
-- English
082 ## - DDC NUMBER
Classification number 658.3 R18P(4)
100 ## - MAIN ENTRY--PERSONAL NAME
Personal name Rao, P Subha
245 #0 - TITLE STATEMENT
Title Personnel and Human Resource Management: Text and Cases
250 ## - EDITION STATEMENT
Edition statement 4th ed.
260 ## - PUBLICATION, DISTRIBUTION, ETC. (IMPRINT)
Place of publication, distribution, etc Mumbai
Name of publisher, distributor, etc Himalya Publishing House
Date of publication, distribution, etc 2009
300 ## - PHYSICAL DESCRIPTION
Pages 476 p.
942 ## - ADDED ENTRY ELEMENTS (KOHA)
Koha item type Books
Holdings
Withdrawn status Lost status Damaged status Not for loan Location (home branch) Sublocation or collection (holding branch) Date acquired Koha issues (times borrowed) Koha full call number Accession No. Koha date last seen Koha item type
        VIVEKANANDA LIBRARY VIVEKANANDA LIBRARY 09/07/2010 1 658.3 R18P(4) 281942 20/12/2023 Books
        VIVEKANANDA LIBRARY VIVEKANANDA LIBRARY 09/07/2010 1 658.3 R18P(4) 331313 14/10/2023 Books
        VIVEKANANDA LIBRARY VIVEKANANDA LIBRARY 09/07/2010   658.3 R18P(4) 331314 17/09/2023 Books
        VIVEKANANDA LIBRARY VIVEKANANDA LIBRARY 09/07/2010 2 658.3 R18P(4) 331315 19/02/2024 Books
        VIVEKANANDA LIBRARY VIVEKANANDA LIBRARY 09/07/2010   658.3 R18P(4) 331316 17/09/2023 Books
        VIVEKANANDA LIBRARY VIVEKANANDA LIBRARY 09/07/2010   658.3 R18P(4) 331317 17/09/2023 Books
© Designed and Maintained by Vivekananda Library, MDU Rohtak